01111nam0a22002291 4500001001100000005001700011035002600028100004100054101000800095102000700103105001800110200015000128210011900278215003200397225007800429300004100507320015500548700012100703801001800824801002200842852001700864rc\259233420250623124037.0 a(NLR Aleph) 006756599 a20110914d1929 |||y0rusy50 ca0 arus aRU aa z |||||1 aКак организовать и вести работу в сельскохозяйственных кружкахfИ. А. Поспелов aМоскваcгос. с.-х. изд-во "Новая деревня"d1929g8-я тип. "Мосполиграф" a96 с.cил.d21х15 см.1 aВ помощь сельскохозяйственным кружкам aОбложка: Д. Я. П[ыхов] aБиблиография: "Библиотека "В помощь с.-х. кружку". (13 названий). "Журналы" (4 названия) 17ca8rusaПоспеловbИ. А.cканд. с.-х. наукgИван Алексеевич3RU\NLR\AUTH\770268853 0aRUbNLRgpsbo 1aRUbELAR2rusmarc aNLRj30.3/22